01761 a2200241 45000010006000000050017000060080041000230030015000640400040000790800035001192450096001540200018002502640049002683000019003175050848003360410008011849420007011925900036011991000028012358560099012639990015013629520142013776033720260407155853.0260407a2001 arg spa dAR-UNSa-BCEJYS aAR-UNSa-BCEJYSbspacAR-UNSa-BCEJYS a35xAdministración Pública10aLa reforma managerialista del estadopNueva gerencia pública, calidad total y tecnocracia a987-1076-00-2 1aBuenos Aires :bEdiciones Cooperativasc2001 a180 p.c21 cm. a1. El peligro del institucionalismo ingenuo: Las reformas del Estado de "segunda generación" / Fabián Calle y Alejandro M. Estevez - 2. Una comparación entre la teoría del Nuevo Management Público y la Gestión de la Calidad total / Alejandro M. Estevez – 3. El Nuevo Management Público y su intento de aplicación en la Argentina / Alejandro M. Estevez y Débora Lopreite – 4. El subsidio a la educación privada en Argentina y Chile: un Estudio Comparativo / Juan Doberti – 5. Reforma del Estado: Tecnoburocracia y tipos culturales / Gustavo Blutman – 6. La viabilidad de la convertibilidad; una perspectiva política / Fabián Calle y Alejandro M. Estevez – 7. El sistema de las coaliciones defensoras; un estudio de políticas públicas aplicado a l convertibilidad / Alejandro M. Estevez y Horacio Minotti -  aspa cBK aniveau_biblio:m niveau_hierar:01 aEstévez, Alejandro M.41uhttps://www.biblioeco.unsa.edu.ar/pmb/images/libros/L129086.jpgyImagen de portadaqimage/jpeg c6908d6908 00104070aBCEJYSbBCEJYSc16d2026-04-07l0o35 E79pL129086r2026-04-07 15:58:53w2026-04-07yLzSUBRAYADO CON RESALTADOR Y LAPICERA -